| 000 | 00895nam0a22002531 4500 | ||
|---|---|---|---|
| 001 | rc\1054638 | ||
| 005 | 20250622093455.0 | ||
| 035 | _a(NLR Aleph) 006215801 | ||
| 090 |
_a6416702 _c6416702 |
||
| 100 | _a20041129d1980 |||y0rusy50 ca | ||
| 101 | 0 | _arus | |
| 102 | _aRU | ||
| 105 | _ay ||||||||| | ||
| 200 | 1 |
_aЭффективность капитального строительства в торговле _fВ.И. Андросов, П.В. Мельник, М.А. Огородник |
|
| 210 |
_aМ. _cЭкономика _d1980 |
||
| 215 |
_a215 с. _d20 |
||
| 700 | 1 |
_aАндросов _bВ.И. _gВасилий Иванович |
|
| 701 | 1 |
_aМельник _bП.В. _gПавел Васильевич |
|
| 701 | 1 |
_aОгородник _bМ.А. _gМихаил Антонович |
|
| 801 | 0 |
_aRU _bNLR _gpsbo |
|
| 801 | 1 |
_aRU _bELAR _2rusmarc |
|
| 852 |
_aNLR _j80-3/8536 |
||
| 942 | _cBOOK | ||
| 980 | _aNB | ||